The Border Maze - Statistics

General Stats
  • This quiz has been taken 42 times
  • The average score is 102 of 152
Answers on the Map
Answers color-coded by a green-red scale on the quiz's map according to % correct below.
 
Answer Stats
Country % Correct
Canada
100%
Mexico
100%
United States
100%
Belize
97%
Guatemala
97%
Honduras
97%
Argentina
94%
Bolivia
94%
Brazil
94%
Chile
94%
Colombia
94%
Costa Rica
94%
Ecuador
94%
Guyana
94%
Nicaragua
94%
Panama
94%
Paraguay
94%
Peru
94%
Uruguay
94%
Venezuela
94%
France
91%
Portugal
91%
Spain
91%
Suriname
91%
Andorra
81%
Algeria
66%
Angola
66%
Benin
66%
Botswana
66%
Burkina Faso
66%
Burundi
66%
Cameroon
66%
Chad
66%
China
66%
Democratic Republic of the Congo
66%
Central African Republic
66%
Djibouti
66%
Egypt
66%
Equatorial Guinea
66%
Eritrea
66%
Eswatini
66%
Ethiopia
66%
Gabon
66%
Gambia
66%
Ghana
66%
Guinea
66%
India
66%
Iran
66%
Iraq
66%
Israel
66%
Ivory Coast
66%
Jordan
66%
Kazakhstan
66%
Kenya
66%
Lesotho
66%
Liberia
66%
Libya
66%
Malawi
66%
Mali
66%
Mauritania
66%
Mongolia
66%
Morocco
66%
Mozambique
66%
Namibia
66%
Niger
66%
Nigeria
66%
Oman
66%
Republic of the Congo
66%
Russia
66%
Rwanda
66%
Saudi Arabia
66%
Senegal
66%
Sierra Leone
66%
Somalia
66%
South Africa
66%
South Sudan
66%
Sudan
66%
Tanzania
66%
Togo
66%
Tunisia
66%
Turkmenistan
66%
Uganda
66%
United Arab Emirates
66%
Uzbekistan
66%
Yemen
66%
Zambia
66%
Zimbabwe
66%
Bangladesh
63%
Cambodia
63%
Indonesia
63%
Laos
63%
Malaysia
63%
Myanmar
63%
Thailand
63%
Vietnam
63%
Bhutan
59%
East Timor
59%
Lebanon
59%
Nepal
59%
North Korea
59%
Norway
59%
Pakistan
59%
Papua New Guinea
59%
South Korea
59%
Sweden
59%
Syria
59%
Turkey
59%
Afghanistan
56%
Albania
56%
Armenia
56%
Austria
56%
Azerbaijan
56%
Belarus
56%
Belgium
56%
Bosnia and Herzegovina
56%
Brunei
56%
Bulgaria
56%
Croatia
56%
Czech Republic
56%
Denmark
56%
El Salvador
56%
Estonia
56%
Finland
56%
Georgia
56%
Germany
56%
Greece
56%
Guinea-Bissau
56%
Hungary
56%
Italy
56%
Kosovo
56%
Kuwait
56%
Kyrgyzstan
56%
Latvia
56%
Liechtenstein
56%
Lithuania
56%
Luxembourg
56%
Moldova
56%
Monaco
56%
Montenegro
56%
Netherlands
56%
North Macedonia
56%
Poland
56%
Qatar
56%
Romania
56%
San Marino
56%
Serbia
56%
Slovakia
56%
Slovenia
56%
Switzerland
56%
Tajikistan
56%
Ukraine
56%
Vatican City
56%
No matching quizzes found
Score Distribution
Percent of People with Each Score
Percentile by Number Answered
Your Score History
You have not taken this quiz